Estudios de la literatura religiosa española /

Ricard Robert con esta obra nos ofrece un estudio de la mística española dentro de la tradición cristiana con Santa Teresa y San Juan de la Cruz como figuras señeras. Además incluye estudios sobre Osuna, Paravicino, Lope, Gracián, entre otros.

Enregistré dans:
Détails bibliographiques
Auteur principal: Ricard, Robert (autor)
Format: Livre
Langue:espagnol
Publié: Madrid, España : Gredos, 1964, c1964
Collection:(Biblioteca Románica Hispánica. Estudios y Ensayos ; 78)
Sujets:
Tags: Ajouter un tag
Pas de tags, Soyez le premier à ajouter un tag!

MARC

LEADER 00000nam^a2200000^a^4500
001 000138777
005 20250521000000.0
009 20260310095439.762
037 |a Acervo ITESO - Biblioteca 
041 |a ESP 
082 |a 860. 94604  |b RIC 
100 |a Ricard, Robert  |e (autor) 
245 1 0 |a Estudios de la literatura religiosa española /  |c R. Ricard ; tr. por Manuel Muñoz Cortés. 
264 4 |a Madrid, España :  |b Gredos,  |c 1964, c1964 
300 |a 278 p. 
336 |a texto  |b txt  |2 rdacontenido 
337 |a sin mediación  |b n  |2 rdamedio 
338 |a volumen  |b nc  |2 rdasoporte 
440 1 |a (Biblioteca Románica Hispánica.  |p Estudios y Ensayos ;  |v 78) 
520 |a Ricard Robert con esta obra nos ofrece un estudio de la mística española dentro de la tradición cristiana con Santa Teresa y San Juan de la Cruz como figuras señeras. Además incluye estudios sobre Osuna, Paravicino, Lope, Gracián, entre otros. 
649 |a XX 
650 |a Escritores Españoles 
650 |a Religiosos Españoles 
650 |a Mujeres Españolas 
650 |a Misticismo en la Literatura 
650 |a Poesía Religiosa -  |z España 
650 |a Poesía Religiosa -  |x Historia y Crítica 
650 |a Poesía Española -  |x Historia y Crítica 
650 |a Literatura Española -  |y Epoca Clásica, 1500-1700 
650 |a Literatura Española -  |x Historia y Crítica 
650 |a Literatura Religiosa -  |x Historia y Crítica 
650 |a Literatura Española -  |x Historia y Crítica 
650 |a Religión y Literatura 
650 |a Religión -  |z España -  |x Historia 
650 |a Jesucristo en la Literatura -  |x Historia y Crítica 
650 |a Cervantes Saavedra, Miguel de 
650 |a España -  |x Historia -  |y Epoca Clásica, 1500-1700 
600 |a Cruz, Juan de la,  |c Santo 
600 |a Teresa de Jesús,  |c Santa 
600 |a Ignacio de Loyola,  |c Santo 
600 |a Vega, Lope de 
910 |a Fondo Salvador Reynoso Reynoso 
920 |a Impresos - Libros 
930 |a Fondos Especiales 
940 |a Literatura 
905 |a 112 
901 |a 0800014999  |b IT2  |c ESP  |u 20250521 
902 |a https://opac.biblio.iteso.mx/vufind/Record/000138777